NFL Player Colleges #1 - Statistics

General Stats
  • This quiz has been taken 114 times
  • The average score is 23 of 25
Answer Stats
Player College % Correct
Shedeur Sanders Colorado
100%
Travis Hunter Colorado
100%
Quinn Ewers Texas
100%
Patrick Mahomes Texas Tech
99%
Jalen Milroe Alabama
98%
Derrick Henry Alabama
98%
Joe Burrow LSU
98%
Jayden Daniels LSU
98%
Justin Jefferson LSU
98%
Micah Parsons Penn St
98%
Saquon Barkley Penn St
98%
Jalen Hurts Oklahoma
97%
J.J. McCarthy Michigan
96%
Caleb Williams USC
96%
Lamar Jackson Louisville
95%
Cam Ward Miami
95%
Josh Allen Wyoming
94%
Aaron Rodgers California
92%
Jaxson Dart Ole Miss
91%
Anthony Richardson Florida
89%
Russell Wilson Wisconsin
89%
Brock Purdy Iowa St
86%
Travis Kelce Cincinatti
75%
Stefon Diggs Maryland
73%
Tyreek Hill West Alabama
56%
No matching quizzes found
Score Distribution
Percent of People with Each Score
Percentile by Number Answered
Your Score History
You have not taken this quiz